Busiiness Ethics 01/02 (Record no. 347408)
[ view plain ]
| 000 -LEADER | |
|---|---|
| fixed length control field | 00493 a2200193 4500 |
| 003 - CONTROL NUMBER IDENTIFIER | |
| control field | OSt |
| 005 - DATE AND TIME OF LATEST TRANSACTION | |
| control field | 20180116182848.0 |
| 008 - FIXED-LENGTH DATA ELEMENTS--GENERAL INFORMATION | |
| fixed length control field | 160830b xxu||||| |||| 00| 0 eng d |
| 020 ## - INTERNATIONAL STANDARD BOOK NUMBER | |
| International Standard Book Number | 007243354x |
| 040 ## - CATALOGING SOURCE | |
| Transcribing agency | 0 |
| 082 ## - DEWEY DECIMAL CLASSIFICATION NUMBER | |
| Classification number | 174.4 RIC 2001 |
| 100 ## - MAIN ENTRY--PERSONAL NAME | |
| Personal name | Richardson , John E. |
| 245 ## - TITLE STATEMENT | |
| Title | Busiiness Ethics 01/02 |
| 250 ## - EDITION STATEMENT | |
| Edition statement | 13th Ed |
| 260 ## - PUBLICATION, DISTRIBUTION, ETC. | |
| Place of publication, distribution, etc. | McGraw Hill |
| Name of publisher, distributor, etc. | Dushkin |
| Date of publication, distribution, etc. | 2001 |
| 300 ## - PHYSICAL DESCRIPTION | |
| Extent | 229 p. |
| Other physical details | photo copy |
| 440 ## - SERIES STATEMENT/ADDED ENTRY--TITLE | |
| Title | Busiiness Ethics 01/02 |
| 942 ## - ADDED ENTRY ELEMENTS (KOHA) | |
| Institution code [OBSOLETE] | NBS |
| Koha item type | Book |
| Call number prefix | 174.4 RIC 2001 |
| Source of classification or shelving scheme | |
| Withdrawn status | Lost status | Damaged status | Not for loan | Permanent Location | Current Location | Date acquired | Total Checkouts | Full call number | Barcode | Date last seen | Date last checked out | Price effective from | Koha item type | Source of classification or shelving scheme | Shelving location |
|---|---|---|---|---|---|---|---|---|---|---|---|---|---|---|---|
| Central Library (CL) | Central Library (CL) | 08/28/2013 | 1 | 174.4 RIC | NBSP-255 | 07/14/2017 | 04/10/2017 | 08/28/2013 | Book | ||||||
| Central Library (CL) | Central Library (CL) | 08/28/2013 | 174.4 RIC | NBSP-256 | 08/28/2013 | 08/28/2013 | Book | ||||||||
| Central Library (CL) | Central Library (CL) | 08/30/2016 | 174.4 RIC 2001 | NBSP-254 | 08/30/2016 | 08/30/2016 | Book | General Stacks | |||||||
| Central Library (CL) | Central Library (CL) | 04/11/2021 | 174.4 RIC 2001 | NBSP-257 | 04/11/2021 | 04/11/2021 | Book |
